000
00248 a2200109 4500
001
63412
082
_a
297.63 NAU
090
_c
37469
_d
37469
100
_a
Allma Shibli naumani
245
_a
Siraat-unabi Jild 3rd
_h
Urdu
260
_b
PAF Book Club
942
_a
CAE NUST
_k
297.63 NAU
999
_c
298485
_d
298485